000 00429nam a2200133Ia 4500
008 151001s9999||||xx |||||||||||||| ||und||
100 _aबाबूलाल चावरिया
245 _aसात समुद्र पार इंग्लैड यात्रा
250 _a1
260 _bराजस्थानी ग्रंथागार
260 _c2010
300 _a192
365 _b21
999 _c995679
_d995676